The Super Duper Marvellous Ultra Mega Monster Number 26 Quiz - Statistics

General Stats
  • This quiz has been taken 11 times
  • The average score is 22 of 52
Answer Stats
Hint Answer % Correct
3 This long type of race named after a Greek city is 26 miles long Marathon
90%
6 The typical foot and ankle has 26 of these hard things Bones
80%
23 There are 26 red and 26 black of these in a deck Cards
80%
F 26th largest US state by land area Florida
80%
17 The 26th US president, namesake of a cuddly toy Theodore Roosevelt
80%
Z the 26th largest country in Africa Zimbabwe
80%
1 There are 26 letters in this gift from the Phoenicians Alphabet
70%
15 The name given to the 26th December Boxing Day
70%
B This huge country has 26 states Brazil
70%
26 This vital organ in humans is on average 26 ft long (combined length of large and small) Intestines
70%
I This country has 26 counties including Sligeach, Mayo, & Cork Ireland
70%
J This country has 26km of coastline Jordan
70%
M 26th state to join the USA Michigan
70%
U The average temperature of this capital city is 26 °F Ulaanbaatar
70%
Y This country has 26 treatment centres for cholera Yemen
70%
G It is believed the first humans settled on this island in the 26th century B.C. Greenland
60%
2 This common metal has atomic number 26 Iron
60%
5 This assassin of Licoln died age 26 John Wilkes Booth
60%
P Kanjut Sar is the 26th highest mountain in the world, and is in this country Pakistan
60%
R This country is approximately 26,000 km² Rwanda
60%
S This country has 26 regions called cantons Switzerland
60%
19 26th Amendment The right to {vote}
60%
E 26th largest country Ethiopia
50%
24 In AD 26 this man is appointed prefect of Judea Pontius Pilate
50%
C 26th smallest country Comoros
40%
D This African city has a population density of 26,000/sq mi Djibouti
40%
25 1 in 500 people may have 26 of these bones (2 more than usual) Ribs
40%
T The 26th largest island in the world by area Tasmania
40%
W The city of Bangor is the 26th most populous locality in this nation Wales
40%
14 This man has won 26 Oscars, the most of any person Walt Disney
40%
10 26 is nicknamed "Two and six" or "Half a crown" in this popular game Bingo
30%
H 26 countries in the world have a rail network for this mode of transport {High speed} rail
30%
Q The Jiaozhou Bay Bridge, stretching 26 miles, connects Huangdao to this city Qingdao
30%
21 According to Hebrew tradition, God bequeathed this text to the 26th generation Torah
30%
12 Psalm 136 has 26 verses, each containing this line "For His mercy endures forever"
20%
L A body of water in Wisconsin Lake Twentysix
20%
13 Pokemon #26 Raichu
20%
8 The 26th Roman Emperor, whose death triggered the crisis of the 3rd century Severus Alexander
20%
X The average daily temperature between December and February for this city in Mozambique is 26 °C Xai-Xai
20%
16 This woman was around 26 years old when she became Queen Mother of Palmyrene Zenobia
20%
A Canadian highway that connects Camrose and Kinsella Alberta Highway 26
10%
7 There are 26 spacetime dimensions in this theory Bosonic String Theory
10%
K 26th largest Greek island Kalymnos
10%
22 26 was a novel by this Canadian author about coping with loss Leo McKay, Jr.
10%
20 This Byzantine emperor reigned for 26 years, and formally abolished the senate Leo VI the Wise
10%
N This state of Palau is 26 km² Ngiwal
10%
O 26th largest oblast of Russia {Oryol} Oblast
10%
4 26 letter Italian word that means "with great haste" Precipitevolissimevolmente
10%
9 Asteroid 26 Proserpina
10%
11 A 3D shape with 26 sides Rhombicuboctahedron
10%
18 The 26th most common English word They
10%
V This Swedish lake is the 26th largest in the world by area Vänern
10%
No matching quizzes found
Score Distribution
Percent of People with Each Score
Percentile by Number Answered
Your Score History
You have not taken this quiz